000 00289nam a22001337a 4500
008 170201b xxu||||| |||| 00| 0 eng d
020 _a9781418000561
041 _aeng
080 _a61
100 _a3
101 _aSHM
245 _aMEDICAK DESK DICTIONARY
_cWEBSTER, M
942 _2udc
_cBK
999 _c4215
_d4215